000 00925nas a2200301 4500
001 BR2015003048
003 BR-BrBNA
005 20231205125448.0
007 ta
008 230509b bl.|||p| |||| 00| 00por d
040 _aBR-BrBNA
_bpor
_cBiblioteca Nacional de Agricultura
041 _a(Pt)
072 _aL73
100 1 _aJardim, J.G.
100 1 _aDeminicis, B.B.
100 1 _aPeixoto, E.C.T. de M.
100 1 _aHeinzen, E.L.
100 1 _aDomingues, P.F.
245 1 _aPerfil etiológico da mastite bovina na bacia leiteira do oeste paranaense, Brasil
650 _aGADO LEITEIRO
650 _aMAMITE
650 _aGLÂNDULA MAMÁRIA
650 _aLEITE
650 _aANÁLISE MICROBIOLÓGICA
773 0 _tRevista Brasileira de Medicina Veterinária (Brazil)
_xISSN 0100-2430
_g(Jan-Mar 2014), v. 36(1) p. 65-70
_wBR2015003048
909 _a202311
_bLúcia
_c55
_dLúcia Elande
942 _2AGRIS
_n0
_cANA
999 _c244491
_d244491